000 01770nam0a2200421 4500
001 RU\NLR\bibl\394898
005 20260405215433.0
010 _a5-8044-0250-1
_9300
021 _aRU
_b2002-66543
_93226
035 _a(NLR Aleph) 000389155
090 _a504510
_c504510
100 _a20030402d2002 |||y0rusy50 ca
101 0 _arus
_deng
_erus
_eeng
102 _aRU
105 _aa |||||||||
200 1 _aПозднемиоценовая флора юга Приморья
_dLate miocene flora of the south Primorye
_fБ. И. Павлюткин
_gРос. акад. наук, Дальневост. отд-ние, Дальневост. геол. ин-т
_zeng
210 _aВладивосток
_cДальнаука
_d2002
215 _a145, [1] с., [23] л. ил.
_cил.
_d26
300 _aАвт. также на англ. яз.: B. I. Pavlyutkin
300 _aРез. на англ. яз.
320 _aУказ. латин. назв.: с. 135-139
320 _aБиблиогр.: с. 110-117
510 0 _aLate miocene flora of the south Primorye
_zeng
606 0 _aРастения миоценовых отложений
_yПриморье
_92127830
_3RU\NLR\auth\661284127
610 0 _aРастения ископаемые - Миоцен
610 0 _aПриморский край, палеонтология
675 _a561.4:551.782.1(571.63)
_v3
_zrus
686 _a38.31
_2rugasnti
686 _a28.1
_2rubbk
686 _aЕ151.312(2Р55,3)
700 1 _4070
_8rus
_7ca
_aПавлюткин
_bБ. И.
_gБорис Иванович
_3RU\NLR\AUTH\7797957
_980883
801 0 _aRU
_bRKP
_c20030402
_gPSBO
801 1 _aRU
_bRKP
_c20030402
801 2 _aRU
_bNLR
_c20030523
_grcr
942 _cBOOK
980 _aNB